000 00500nam a2200193Ia 4500
003 GCL
008 140319s9999 xx 000 0 eng d
040 _aGCL /
_cGCL
082 0 4 _a636.7
_bD C
100 1 _aDAVIS, MIKE
245 1 0 _aCANINE AND FELINE GERIATRICS /
_cDAVIS, MIKE
260 _a[S.N] :
_bBLACK WELL SCIENCE ،
_c1996
300 _a165 P
650 0 4 _aCATS DISEASES
650 0 4 _aDOGS - AGING
650 0 4 _aDOGS - DISEASES
650 0 4 _aVETERINARY - GERIATRICS
942 _2ddc
_cBK
999 _c13122
_d13122